Responses for Show #6001 - Monday, October 18, 2010

Contestants

[<< previous game]

Paula Currall, a stay-at-home mom from Oakton, Virginia

Matt DeTura, a recent law school graduate from Washington, D.C.

Sara Wilkinson, a country club concierge from Athens, Georgia (whose 3-day cash winnings total $72,701)

[next game >>]

Jeopardy! Round responses

AMERICAN HISTORY
TV SHOW ADDRESSES
IT'S A MARSHMALLOW WORLD
THAT'S BORDERLINE
I GIVE YOU AN "NCH"
YOU TAKE A MILE
    $200 24
the Panama Canal

Sara
    $200 6
Married... With Children

Sara
    $200 11
Lucky Charms

Matt
    $200 14
Russia

Matt
    $200 1
the Grinch

Sara
    $200 15
Indiana

Paula
    $400 25
the Whigs

Sara
    $400 7
The Munsters

Sara
    $400 12
a s'more

Matt
    $400 16
(Alex: You're gonna hate yourselves for this one--what are [*]?)

Canada & the United States

Triple Stumper
    $400 2
an avalanche

Sara
    $400 18
Miami

Paula
    $600 26
(Paula: What is Rhode Island?)
...
(Alex: Four clues left on the board, and we have less than a minute.)

Plymouth

Paula
Triple Stumper
    $600 8
All in the Family

Triple Stumper
    $600 13
Peeps

Paula
    $600 17
Iran

Triple Stumper
    $600 3
a paunch

Sara
    $600 19
(Matt: What is asphalt?)

concrete

MattPaula
    $800 27
George Wallace

Paula
    $1,800 9
(Sara: What is Fresh Prince of Bel-Air?)
...
(Sara: Oh! Fair enough. [Laughs])
(Alex: Thank you, I'm glad you think we're fair.)

The Beverly Hillbillies

Sara
    $800 22
a Waldorf salad

Sara
    $800 29
Switzerland

Matt
    $800 4
wrench

Matt
    $800 20
New Jersey

Sara
    $1000 28
(Alger) Hiss

Matt
    $1000 10
Family Guy

Matt
    $1000 23
a fluffernutter

Matt
    $1000 30
Venezuela

Triple Stumper
    $1000 5
carte blanche

Sara
    $1000 21
Butte

Triple Stumper

Scores at the first commercial break (after clue 15):

Sara Matt Paula
$1,000 $2,600 $800

Scores at the end of the Jeopardy! Round:

Sara Matt Paula
$3,200 $4,800 $2,000

Double Jeopardy! Round responses

HISTORICAL NOVELS
'90s FEMALE NO. 1 HITMAKERS
ALTERNATIVE MEDICINE
COMPANIES NAMED AFTER PEOPLE
THE ANCIENTS SPEAK
HOMOPHONES
    $400 1
(Paula: Who is Larry McMurtry?)

(James) Michener

SaraPaula
    $400 6
Celine Dion

Triple Stumper
    $400 26
homeopathic

Matt
    $400 16
Bayer

Matt
    $400 18
words

Sara
    $400 11
paste/paced

Sara
    $800 2
(Sara: What's Andersonsville?)
[Sara was originally credited with the correct answer as the extra "S" was not heard by Alex.]

Andersonville

Sara
Triple Stumper
    $800 7
Christina Aguilera

Matt
    $800 30
autosuggestion

Triple Stumper
    $800 17
Mattel

Paula
    $3,500 19
Hippocrates

Sara
    $800 12
gorilla/guerilla[sic]

Sara
    $1200 3
A Tale of Two Cities

Sara
    $1200 8
Mariah Carey

Matt
    $1200 29
ionic

Matt
    $1200 23
George Lucas

Sara
    $1200 20
Archimedes

Sara
    $1200 13
pact/packed

Matt
    $1600 4
Nat Turner

Sara
    $1600 9
Whitney Houston

Triple Stumper
    $1600 28
shiatsu

Matt
    $2,700 24
(Salmon P.) Chase

Sara
    $1600 21
the Rubicon

Sara
    $1600 14
side/sighed

Matt
    $2000 5
Ben-Hur

Sara
    $2000 10
(Alex: Paula, I was hoping you'd ring in on this because the correct response is [*].)

Paula Abdul

Triple Stumper
    $2000 27
chi

Matt
    $2000 25
Barnes & Noble

Triple Stumper
    $2000 22
Solon

Sara
    $2000 15
Ares/Aries

Matt

Scores at the end of the Double Jeopardy! Round:

Sara Matt Paula
$21,400 $17,200 $2,400

[wagering suggestions for these scores]

Final Jeopardy! Round responses

U.S. CURRENCY
PaulaWhat is the quarter?
$1,000
MattWhat is the nickel?
$5,000
SaraWhat is the $500 dollar bill
$13,001
the nickel

Final scores:

Sara Matt Paula
$8,399 $22,200 $1,400
2nd place: $2,000 New champion: $22,200 3rd place: $1,000

Game dynamics:

Coryat scores:

Sara Matt Paula
$19,400 $17,200 $2,400
23 R
(including 2 DDs),
2 W
(including 1 DD)
18 R,
1 W
6 R,
2 W

Combined Coryat: $39,000

[game clues] [game scores] [suggest correction]

Game tape date: 2010-08-10
The J! Archive is created by fans, for fans. Scraping, republication, monetization, and malicious use prohibited; this site may use cookies and collect identifying information. See terms. The Jeopardy! game show and all elements thereof, including but not limited to copyright and trademark thereto, are the property of Jeopardy Productions, Inc. and are protected under law. This website is not affiliated with, sponsored by, or operated by Jeopardy Productions, Inc. Join the discussion at JBoard.tv.